000 00604nam a2200205Ia 4500
003 GCL
008 140319s9999 xx 000 0 ara d
040 _aGCL /
_cGCL
082 0 4 _a190
_bع ف
100 1 _aعبدالقادر حاتم
245 1 0 _aالفلسفة الحضارية /
_cعبدالقادر حاتم
300 _a110 ص
490 _aالهيئة العامة للاستعلامات
_v0
650 0 4 _aالفلسفة
650 0 4 _aالحضارة
650 0 4 _aالسينما
650 0 4 _aالتصوير
650 0 4 _aالادب العربى - تاريخ ونقد
942 _2ddc
_cBK
999 _c50609
_d50609